| 000 | 01106nam a2200253 a 4500 | ||
|---|---|---|---|
| 001 | 39502 | ||
| 003 | BD-RjUL | ||
| 005 | 20211209053014.0 | ||
| 008 | 160411s2007 bg ||||| |||| 00| f ben d | ||
| 020 |
_a9848471278 _c: Tk. 330.00 |
||
| 035 | _a(BD-RjUL) 39615 | ||
| 040 |
_aBD-RjUL _bben _cBD-RjUL |
||
| 041 | _aben | ||
| 082 |
_223 _a813.54 _bDEB 2007 |
||
| 100 |
_aদেশাই, কিরণ _9121722 |
||
| 245 | 1 | 0 |
_aবিলুপ্তির স্মৃতি / _cকিরণ দেশাই ; সাদেকুল আহসান, অনুবাদক |
| 260 |
_aঢাকা : _bসন্দেশ, _c২০০৭ |
||
| 300 |
_a৩৫২ পৃ. ; _c২২ সেমি. |
||
| 500 | _aদ্য ম্যান বুকার প্রাইজ ২০০৬ বিজয়ী উপন্যাস | ||
| 650 |
_aকাঞ্চনজংঘা (নেপাল এবং ভারত) উপন্যাস _9121720 |
||
| 650 |
_aKanchenjunga (Nepal and India) Fiction _9121721 |
||
| 700 |
_aআহসান, সাদেকুল, অনুবাদক _9121723 |
||
| 942 |
_2ddc _cBK |
||
| 999 |
_c39502 _d39502 |
||